Rough passages /

Bibliographic Details
Main Author: Perrin, Alice Robinson, 1867-1934
Format: Book
Language:English
Published: London ; New York : Cassell, 1926.

MARC

Tag First Indicator Second Indicator Subfields
LEADER 00000cam a2200000 i 4500
001 in00000052059
005 20151007080304.0
008 800423s1926 enk 00011 eng d
035 |a (OCoLC)06238347 
035 |9 AAF4558AM 
040 |a TXA  |c TXA  |d UtOrBLW 
049 |a TXAS  |c [1102084] 
090 |a PZ3.P4292  |b Rou 
100 1 |a Perrin, Alice Robinson,  |d 1867-1934. 
245 1 0 |a Rough passages /  |c by Alice Perrin. 
264 1 |a London ;  |a New York :  |b Cassell,  |c 1926. 
300 |a 279 pages ;  |c 20 cm. 
336 |a text  |b txt  |2 rdacontent 
337 |a unmediated  |b n  |2 rdamedia 
338 |a volume  |b nc  |2 rdacarrier 
500 |a Author's autograph copy. 
999 |a MARS 
999 f f |s 5ad7d173-d2fc-386f-888a-5ffcfe06a797  |i 45a21882-ee4f-3342-a3a5-7a10dfa21b14  |t 0 
952 f f |p noncirc  |a Texas A&M University  |b College Station  |c Cushing Memorial Library & Archives  |d Cushing: Science Fiction (Does not check out)  |t 0  |e PZ3.P4292 Rou  |h Library of Congress classification  |i unmediated -- volume  |m A14800424196 
998 f f |a PZ3.P4292 Rou  |t 0  |l Cushing: Science Fiction (Does not check out)